[Event "Rohde op 07th"]
[Site "Sautron"]
[Date "2007.11.02"]
[Round "8"]
[White "Moustafa, Ossama"]
[Black "Gremy, Paul"]
[Result "1/2-1/2"]
[WhiteElo "1400"]
[BlackElo "1686"]
[PlyCount "115"]
[EventDate "2007.10.27"]
[EventType "swiss"]
[EventRounds "9"]
[EventCountry "FRA"]
[SourceTitle "EXT 2008"]
[Source "ChessBase"]
[SourceDate "2007.11.25"]
[SourceVersion "1"]
[SourceVersionDate "2007.11.25"]
[SourceQuality "1"]

1. e4 c5 2. Nf3 Nc6 3. d4 cxd4 4. Nxd4 d6 5. Bb5 Bd7 6. Nxc6 bxc6 7. Bd3 Nf6 8. Nc3 e6 9. Bg5 h6 10. Bh4 Be7 11. 0-0 0-0 12. Re1 Nh7 13. Bxe7 Qxe7 14. e5 dxe5 15. Bxh7+ Kxh7 16. Qd3+ Kg8 17. Rad1 Rad8 18. Rxe5 Bc8 19. Qc4 Rxd1+ 20. Nxd1 Qd6 21. Re1 Bb7 22. h3 c5 23. Ne3 Qc6 24. Rd1 a5 25. b3 Ra8 26. a4 Re8 27. Qb5 Qxb5 28. axb5 Be4 29. c4 Ra8 30. Ra1 Kf8 31. f3 Bb7 32. f4 f5 33. g4 g6 34. Nd1 fxg4 35. hxg4 Bf3 36. Nf2 Ke7 37. g5 hxg5 38. fxg5 e5 39. Nd3 Kd6 40. Rf1 e4 41. Nf4 Ke5 42. Nxg6+ Kf5 43. Nh4+ Kg4 44. Nxf3 exf3 45. g6 Rg8 46. Ra1 Rxg6 47. Rxa5 Kf4+ 48. Kf1 Rh6 49. Ra6 Rh1+ 50. Kf2 Rh2+ 51. Kg1 Rb2 52. Rf6+ Kg3 53. Rg6+ Kf4 54. Rf6+ Kg3 55. Rg6+ Kf4 56. Rf6+ Kg3 57. Rg6+ Kf4 58. Rf6+ 1/2-1/2